• 首页
  • 本馆介绍
  • 公告通知
  • 最新文献
  • 馆藏检索
  • 电子资源
  • 读者导购
  • 参考咨询
  • 我的图书馆
  • 登录
  • 详细信息显示
  • 放入我的书架
  • 预约/预借图书
  • 作者相关作品
  • 分类相关作品
  • 丛书相关作品
  • 出版社相关作品

书目信息

  • 表格格式
  • 工作单格式
  • 卡片格式
题名:
中国流氓史
    
 
作者: 陈宝良 著
分册:  
出版信息: 上海   上海人民出版社  2008
页数: 457页
开本: 23cm
丛书名:
单 册:
中图分类: D693.98
科图分类:
主题词: 流氓--历史--研究--中国--古代 , 流氓
电子资源:
ISBN: 978-7-208-07744-7
000 00792nam0 2200229 450
001 1260068421
005 20121004164152.70
010    @a978-7-208-07744-7@dCNY40.00
100    @a20080807d2008 em y0chiy50 ea
101 0  @achi
102    @aCN@b310000
105    @ay z 000yy
200 1  @a中国流氓史@Azhong guo liu mang shi@f陈宝良著
210    @a上海@c上海人民出版社@d2008
215    @a457页@d23cm
330    @a本书是一部系统研究民国以前流氓群体及其活动的历史专著。全书共十章,内容包括绪论、先秦时期的惰民与游侠、秦汉时期的恶少年、魏晋南北朝时期的无赖、隋唐时期的坊市恶少与市井凶豪等。
606 0  @a流氓@x历史@x研究@y中国@z古代
606 0  @a流氓
690    @aD693.98@v4
701  0 @a陈宝良@Achen bao liang@f(1963~)@4著
801  0 @aCN@bNLC@c20101222
905    @a10447@dD693.98@eJY90
    
    中国流氓史/陈宝良著.-上海:上海人民出版社,2008
    457页;23cm
    
    
    ISBN 978-7-208-07744-7:CNY40.00
    本书是一部系统研究民国以前流氓群体及其活动的历史专著。全书共十章,内容包括绪论、先秦时期的惰民与游侠、秦汉时期的恶少年、魏晋南北朝时期的无赖、隋唐时期的坊市恶少与市井凶豪等。
●
相关链接 在E读中查询图书 在五车中查询图书 在当当中查询图书 在豆瓣中查询图书


正题名:中国流氓史     索取号:D693.98/JY90         预约/预借

序号 登录号 条形码 馆藏地/架位号 状态 备注
1 7812390   278123905   学院路分馆/ [索取号:D693.98/JY90] 在馆    
2 7812391   278123914   学院路分馆/ [索取号:D693.98/JY90] 在馆    
唐山师范学院图书馆 欢迎您!
大连网信软件有限公司© 版权所有